مكتبة جامعة عجلون الوطنية

فهرس بحث المكتبة

دور المثقفين في الوطن العربي وديار الانتشار في نهضة بلدانهم ودعم القضايا العربية =The role educators in the arab world and overseas towards A renaissance in their countries and in support of arab issues (Record no. 25613)

MARC details
000 -LEADER
fixed length control field 01136nam a2200205Ii 4500
003 - CONTROL NUMBER IDENTIFIER
control field JO-AjNU
008 - FIXED-LENGTH DATA ELEMENTS--GENERAL INFORMATION
fixed length control field 230605s9999||||xx |||||||||||||| ||und||
040 ## - CATALOGING SOURCE
Original cataloging agency JO-AjNU
Language of cataloging ara
Description conventions rda
Transcribing agency JO-AjNU
041 ## - LANGUAGE CODE
Language code of text/sound track or separate title ara
050 14 - LIBRARY OF CONGRESS CALL NUMBER
Classification number GN357.M34 2003
100 3# - MAIN ENTRY--PERSONAL NAME
Personal name أعمال المؤتمر الثقافي العربي الثامن 12و13و14 كانون الاول /ديسمبر 2002,
Relator term author
9 (RLIN) 50096
245 00 - TITLE STATEMENT
Title دور المثقفين في الوطن العربي وديار الانتشار في نهضة بلدانهم ودعم القضايا العربية =The role educators in the arab world and overseas towards A renaissance in their countries and in support of arab issues
250 ## - EDITION STATEMENT
Edition statement ط1
264 31 - PRODUCTION, PUBLICATION, DISTRIBUTION, MANUFACTURE, AND COPYRIGHT NOTICE
Place of production, publication, distribution, manufacture بيروت: المجمع الثقافي العربي، دار الجيل، 2003
300 ## - PHYSICAL DESCRIPTION
Extent 246ص
Other physical details أعمال المؤتمر الثقافي العربي الثامن 12و13و14 كانون الاول /ديسمبر 2002، صور توضيحية
336 ## - CONTENT TYPE
Content type term text
Content type code txt
Source rdacontent
337 ## - MEDIA TYPE
Media type term unmediated
Media type code n
Source rdamedia
338 ## - CARRIER TYPE
Carrier type term volume
Carrier type code nc
Source rdacarrier
650 #4 - SUBJECT ADDED ENTRY--TOPICAL TERM
Topical term or geographic name entry element القضايا العربية-الثقافة
9 (RLIN) 50097
Holdings
Withdrawn status Lost status Source of classification or shelving scheme Damaged status Not for loan Home library Current library Shelving location Date acquired Total Checkouts Full call number Barcode Date last seen Price effective from Koha item type
    Library of Congress Classification     مكتبة جامعة عجلون الوطنية مكتبة جامعة عجلون الوطنية المجموعات العامة 06/06/2023   GN357.M34 2003 A22045 06/06/2023 06/06/2023 Books